Усъвършенстваният Монтесори метод (Запис номер 436260)
[ съкратено ]
| 000 -Лидер | |
|---|---|
| Контролно поле с фиксирана дължина | 01725nam a2200301 a 4500 |
| 003 - Код на организацията, давaща контролен номер | |
| Контролно поле | BLK |
| 005 - Дата и час на последна редакция | |
| Контролно поле | 20241213145201.0 |
| 008 - Елементи от данни с фиксирана дължина | |
| fixed length control field | 181024b bu ||||| |||| 00| 0 bu d |
| 020 ## - Международен стандартен номер на книга ISBN | |
| Международен стандартен номер на книга ISBN | 9786197356991 |
| 040 ## - Източник на каталожния запис | |
| Идентификатор на билиотеката - собственик на записа | BLK |
| 041 ## - Код за език | |
| Код за езика на текст/звукозапис или на отделно заглавие | Български |
| Код за езика КДБФ | Български |
| 080 ## - УДК | |
| Текстов определител УДК | Методични основи на отделните теории и системи |
| УДК код - определител по УДК | 37.022 |
| УДК - код + определител | 37.022 |
| 100 ## - Редна дума - Автор | |
| Автор | Монтесори, Мария |
| Авторска отговорност | първи автор |
| R(LIN) | 1299 |
| 139 ## - Редно поле | |
| Редна дума | Монтесори, Мария |
| Авторски знак | Мони - М 87 |
| 245 ## - Сведения за заглавието | |
| Заглавие | Усъвършенстваният Монтесори метод |
| Редно поле (дума) | Мария Монтесори ; предг. Александър Хени, Марио Монтесори ; прев. от англ. Десислава Чешмеджиева-Стойчева |
| Подзаглавни данни | Т. 1 - |
| Том | Т. 1 |
| 260 ## - Област на издателските данни | |
| Място на издаване, разпространение и проч. | София |
| Име на издателя, разпространителя и проч. | Асеневци |
| Година на издаване | 2020 |
| 9 (RLIN) | 213613 |
| 300 ## - Физическа характеристика | |
| Страници | 388 с. |
| Размери/Мащаб | 20 см |
| Илюстрации и др. | с диагр. |
| 380 ## - Жанр | |
| Жанр | Обществени науки |
| 500 ## - Общи забележки | |
| Забележка | Ориг. загл., установено от доп. източник: The advanced Montessori method / Maria Montessori<br/>Възприетата форма на името на прев. Десислава Чешмеджиева-Стойчева e Десислава Стоянова Чешмеджиева |
| 650 #7 - Допълнително описание по предмет – тема | |
| 9 (RLIN) | 153033 |
| Основно описание – тема или топоним | Детска и педагогическа психология |
| 653 #7 - Ключова дума – ненормативна | |
| 9 (RLIN) | 190909 |
| Ключова дума | метод на М. Монтесори |
| 653 #7 - Ключова дума – ненормативна | |
| 9 (RLIN) | 193479 |
| Ключова дума | педагогическа психология |
| 653 #7 - Ключова дума – ненормативна | |
| 9 (RLIN) | 183705 |
| Ключова дума | възпитание |
| 700 ## - Други автори (авторска отговорност) | |
| 9 (RLIN) | 344837 |
| Лично име | Чешмеджиева-Стойчева, Десислава |
| Автороска отговорност (Описва отношението между автора и произведението) | прев. от англ. |
| 852 ## - Местоположение | |
| Фондова буква | Заемна - подръчен фонд |
| Систематично-азбучна сигнатура | 37.02/М 87 М |
| 999 ## - СИСТЕМНИ КОНТРОЛНИ НОМЕРА | |
| Koha biblionumber | 436260 |
| Koha biblioitemnumber | 436260 |
| 942 ## - АРТИКУЛИ | |
| Скрит в OPAC | Не |
| Вид на библиотечния материал | Книги |
| Koha issues (borrowed), all copies | 26 |
| Периодичен библиозапис | Да |
| 944 ## - СЪЗДАВАНЕ И РЕДАКЦИЯ на ЗАПИСА | |
| Създаване/Редакция | Създаване |
| Служител, извършил регистрацията/редакцията | 30576 |
| Статус, дата на статуса | Цветомила Тодорова |
| Код за отписване | Код за изгубен артикул | Източник на класификационната схема | Код за повреда | Коз за рестрикции | Код за отдаване | Артикулен № | Име на библиотеката - собственик | Име на библиотеката, в която се намира в момента | Статус (Текущо местоположение) | Дата на вписване в системата | Местоположение - отдел | Цена в лева | Систематично азбучна сигнатура | Баркод | Цена в евро | Служебен тип на артикула |
|---|---|---|---|---|---|---|---|---|---|---|---|---|---|---|---|---|
| Не е изгубен | Universal Decimal Classification | Не е повреден | без рестрикции | заемане за дома | 861057 | Регионална библиотека "Любен Каравелов" Русе | Регионална библиотека "Любен Каравелов" Русе | Заемна - подръчен фонд | 2021-11-10 | Заемна - подръчен фонд | 22.36 | 37.02/М 87 М | 120000862289 | 11.43 | Книги | |
| Не е изгубен | Universal Decimal Classification | Не е повреден | без рестрикции | заемане за дома | 861058 | Регионална библиотека "Любен Каравелов" Русе | Регионална библиотека "Любен Каравелов" Русе | Заемна - подръчен фонд | 2021-11-10 | Заемна - подръчен фонд | 22.36 | 37.02/М 87 М | 120000862290 | 11.43 | Книги |